[Event "Belyaev Memorial 06th"]
[Site "Vizantia"]
[Date "2006.07.10"]
[Round "6"]
[White "Volkov, Yuri"]
[Black "Strelnikov, Roman"]
[Result "0-1"]
[WhiteElo "2087"]
[BlackElo "2087"]
[PlyCount "36"]
[EventDate "2006.06.29"]
[EventType "swiss"]
[EventRounds "11"]
[EventCountry "RUS"]
[SourceTitle "EXT 2008"]
[Source "ChessBase"]
[SourceDate "2007.11.25"]
[SourceVersion "1"]
[SourceVersionDate "2007.11.25"]
[SourceQuality "1"]

1. e4 c5 2. Nf3 d6 3. d4 cxd4 4. Nxd4 Nf6 5. Nc3 a6 6. Be3 e6 7. Be2 b5 8. a3 Bb7 9. Bf3 Qc7 10. 0-0 Be7 11. Re1 0-0 12. Nb3 Nbd7 13. Bf4 Ne5 14. Be2 Nxe4 15. Nxe4 Bxe4 16. Bxb5 Bxc2 17. Qh5 Bg6 18. Qe2 axb5 0-1